000 02727nam0a2200433 4500
001 RU\NLR\bibl\970725
005 20260405093318.0
021 _aRU
_b2006-30179
_91503
035 _a(nilc)RSL-KNO-002889581
035 _a(NLR Aleph) 000958688
090 _a325560
_c325560
100 _a20060524d2005 |||y0rusy50 ca
101 0 _arus
102 _aRU
105 _aa |||||||||
106 _ar
200 1 _aСправочные материалы и методика обоснования целесообразности применения мобильной техники на причалах с малым грузооборотом
_fИ.А. Иванов, А.М. Ефремов
_gМ-во трансп. Рос. Федерации, Новосиб. гос. акад. вод. трансп.
210 _aНовосибирск
_cНовосибирская государственная академия водного транспорта
_d2005
_eНовосибирск
_gОтдел оформления НГАВТ
215 _a34 с.
_cил., табл.
_d21
313 _aКраны
320 _aБиблиогр.: с. 33 (8 назв.)
606 1 _aПортовые краны
_9930416
_3RU\NLR\auth\66342469
610 0 _aТранспорт -- Водный транспорт -- Водные перевозки -- Грузовые водные перевозки -- Погрузочно-разгрузочные работы на водном транспорте -- Перегрузочные машины и механизмы. Механизация погрузочно-разгрузочных работ -- Справочное издание
610 0 _aТранспорт -- Промышленный транспорт -- Грузоподъёмные машины и механизмы -- Подъёмные краны -- Краны с передвижением по безрельсовым дорогам -- Справочное издание
610 0 _aавтомобильные краны - применение
610 0 _aпневмоколёсные краны - применение
610 0 _aгусеничные краны - применение
686 _aО484.04-5я29
_2rubbk
686 _aО922.23я29
_2rubbk
686 _aО484.04-5
700 1 _4070
_7ca
_8rus
_aИванов
_bИ. А.
_cинж. водного трансп.
_gИгорь Александрович
_917253
_3RU\NLR\AUTH\7734248
701 1 _aЕфремов
_bА. М.
_gАнатолий Матвеевич
_4070
801 0 _aRU
_bРКП
_c20060524
_grcr
801 1 _aRU
_bРГБ
_c20060524
801 2 _aRU
_bNLR
_c20060727
_grcr
942 _cBOOK
980 _aNB